[Event "Skalica Rapid 2020"]
[Site "Skalica"]
[Date "2020.08.29"]
[Round "5.6"]
[White "Matejovic Juraj"]
[Black "Grieve, Harry"]
[Result "0-1"]
[WhiteElo "2219"]
[BlackElo "1887"]
[Annotator "TA"]
[PlyCount "66"]
[EventDate "2020.08.29"]
[EventType "swiss"]
[EventCountry "SVK"]
[SourceTitle "playchess.com"]
[Source "ChessBase"]
[SourceQuality "1"]

{[%evp 27,66,29,35,21,38,20,27,37,35,29,31,28,66,0,38,43,94,94,101,62,78,75,78,47,50,61,93,85,149,42,45,41,73,64,91,91,90,97,175,118,117]} 1. e4 c5 2. Nf3 e6 3. d4 cxd4 4. Nxd4 Nc6 5. Nc3 Qc7 6. Be2 a6 7. O-O Nf6 8. Be3 Bb4 9. Na4 Be7 10. Nxc6 bxc6 11. Nb6 Rb8 12. Nxc8 Qxc8 13. Bd4 c5 14. Be5 Rb6 15. Bf3 {B49: Sicilian: Taimanov: 5 Nc3 Qc7 6 Be3 a6 7 Be2.} O-O 16. Re1 d6 17. Bc3 {White has an edge.} Nd7 {[#]} 18. b3 $146 ({Predecessor:} 18. Qd2 Bf6 19. Bxf6 Nxf6 20. b3 Rd8 21. Rad1 Nd7 22. e5 d5 23. h4 Qc7 24. Qe3 {½-½ (52) Wegener,D (2361)-Melamed,T (2364) Germany 2015}) 18... c4 19. Bd4 Rb8 20. Qe2 (20. Be2 $14) 20... Bf6 21. Bxf6 gxf6 (21... Nxf6 $14 22. Red1 Qc5) 22. Rad1 ({But not} 22. bxc4 $6 Ne5 $11) (22. Qxc4 $6 Qxc4 23. bxc4 Rfc8 $11) 22... Rb6 23. Qe3 ({Much weaker is} 23. bxc4 $6 Qc5 $11) ({Don't play} 23. Qxc4 $6 Qxc4 24. bxc4 Rc8 $11) 23... Qc5 24. Rd4 Ne5 25. Be2 {[%cal Re2c4]} cxb3 26. cxb3 {And now Rc1 would win.} Rc8 27. Red1 Rbc6 {[#]} ({Better is} 27... Kg7) 28. Qg3+ (28. Qh6 $1 $16) 28... Kf8 $14 29. Qh4 Ke7 30. Qxh7 Qa5 {[#]} 31. Ra4 $1 {[%cal Ra4a5]} Qb6 {Hoping for ...Rc1.} 32. Rxa6 Qb4 (32... Qb7 $16 {was called for.} 33. Rxc6 Qxc6) 33. Rxc6 ({White should play} 33. Ra7+ $18 R8c7 34. Ra4) 33... Rxc6 {[%mdl 32768] Accuracy: White = 67%, Black = 57%. . Loss on time!?} 0-1

[Event "Skalica Rapid 2020"]
[Site "Skalica"]
[Date "2020.08.29"]
[Round "5.6"]
[White "Fajtakova, Silvia"]
[Black "Beres, Dominik"]
[Result "0-1"]
[WhiteElo "1509"]
[BlackElo "1988"]
[Annotator "TA"]
[PlyCount "99"]
[EventDate "2020.08.29"]
[EventType "swiss"]
[EventCountry "SVK"]
[SourceTitle "playchess.com"]
[Source "ChessBase"]
[SourceQuality "1"]

{[%evp 9,99,29,12,-25,-25,-30,-33,-43,-33,-35,-16,-26,-34,-28,-17,-4,-3,-3,6,9,0,-67,4,-11,36,-37,-41,-31,16,-47,-46,-44,-53,-69,-52,-50,-54,-77,-68,-121,-103,-111,-76,-102,-79,-109,-112,-151,-133,-136,-126,-140,-41,-54,-25,-56,-31,-29,-27,-35,-14,-26,-17,-31,51,-5,-5,-5,0,0,0,-12,-12,-262,-257,-250,0,0,41,33,80,45,94,-472,0,-146,-20,-28,-21,-36,-28,-28]} 1. e4 d6 2. Nf3 c6 3. d4 Qc7 4. Bf4 Nd7 5. Nc3 e5 {[#]} 6. dxe5 $146 {B12: Caro-Kann: Advance Variation.} ({Predecessor:} 6. Be3 Be7 7. Bc4 Ngf6 8. Bd3 O-O 9. d5 Re8 10. O-O Nf8 11. Bg5 h6 12. Bxf6 Bxf6 13. dxc6 bxc6 {0-1 (49) Zeng,J (760)-Baladjaev,L (1147) Bad Homburg 2013}) 6... dxe5 7. Bg3 Ngf6 8. Bd3 {Black is slightly better.} Be7 9. O-O O-O 10. Re1 Re8 11. Qd2 b5 12. h3 Nh5 13. Bh2 Bf8 14. Qg5 g6 15. Ne2 (15. a4 $11) 15... h6 ({Black should play} 15... f6 $15 16. Qh4 Bb7) 16. Qe3 $11 Kh7 17. Nd2 (17. a4 $14) 17... Bc5 18. Qf3 Rf8 19. c4 (19. a3 $11) 19... b4 $15 20. Nb3 Bd6 21. Rac1 Nc5 22. Nxc5 Bxc5 23. Ng3 Nf4 24. Ne2 (24. Bc2 $15) 24... Nxd3 $17 25. Qxd3 Be6 26. b3 Rad8 27. Qg3 f6 28. Rcd1 Rxd1 $1 29. Rxd1 Rd8 {[%cal Rd8d1]} 30. Rd3 Qb6 (30... Qa5 $1 $17 {[%cal Ra5a2]} 31. Kh1 Rxd3 32. Qxd3 Qxa2) 31. Nc1 $15 a5 (31... Bd4 {feels hotter.} 32. Kh1 f5 33. f3 f4 34. Qe1 g5) 32. Qf3 Kg7 (32... Rf8 {looks sharper.} 33. Rd1 Kg7 34. Nd3 Bd4 35. Kh1 g5) 33. Rxd8 Qxd8 34. Qd3 $1 {[%cal Rd3d8]} Qb6 (34... Qa8 {seems wilder.} 35. Qd2 g5 36. Kf1 a4 37. f3 axb3 38. axb3 Qa1) 35. Bg3 Bd4 36. Kf1 f5 (36... c5 $15) 37. f3 (37. Ne2 $14) 37... f4 38. Be1 c5 39. Bf2 Qd6 40. Be1 Qd7 41. a3 $2 (41. Bf2 $11) 41... bxa3 $19 42. Bxa5 {[#]} a2 $2 (42... Bxh3 $1 $19 {[%mdl 512] aiming for ...g5.} 43. Bc3 (43. gxh3 Qxh3+) 43... Be6 44. Bxd4 exd4) 43. Nxa2 $11 Qa7 (43... Bxh3 $5 44. Bc3 Be6 $11) 44. Qd2 Qb7 45. Qc2 Qd7 46. b4 $2 {[%mdl 8192] [#]} (46. Bc3 $16 {keeps the pressure on.}) 46... cxb4 $2 ({Weaker is} 46... Qf7 47. Nc1 $15) (46... Be3 $1 $19 47. Nc3 Bxc4+ 48. Ne2 Qb5) 47. Bxb4 (47. Nxb4 $11 Qa7 48. Nc6) 47... Qa7 ({Black should try} 47... Qc6 $17 48. Ke1 Bxc4) 48. Nc1 Qa6 49. Ne2 Bxc4 50. Ke1 $1 {[%mdl 32768] Accuracy: White = 59%, Black = 57%. . Sensor Board Error (Ke4/e5)?} 0-1

[Event "Skalica Rapid 2020"]
[Site "Skalica"]
[Date "2020.08.29"]
[Round "5.7"]
[White "Krupa Miroslav"]
[Black "Abel, Peter"]
[Result "1-0"]
[WhiteElo "1816"]
[BlackElo "2200"]
[Annotator "ChessBase"]
[PlyCount "125"]
[EventDate "2020.08.29"]
[EventType "swiss"]
[EventCountry "SVK"]
[SourceTitle "playchess.com"]
[Source "ChessBase"]
[SourceQuality "1"]
[TimeControl "600+5"]

1. e4 {[%emt 0:00:00]} Nf6 {[%emt 0:01:22]} 2. e5 {[%emt 0:00:00]} Nd5 {[%emt 0:00:03]} 3. d4 {[%emt 0:00:01]} d6 {[%emt 0:00:03]} 4. c4 {[%emt 0:00:03]} Nb6 {[%emt 0:00:03]} 5. exd6 {[%emt 0:00:02]} cxd6 {[%emt 0:00:01]} 6. Nc3 {[%emt 0:00:02]} g6 {[%emt 0:00:05]} 7. h3 {[%emt 0:00:06]} Bg7 {[%emt 0:00:00]} 8. Nf3 {[%emt 0:00:01]} O-O {[%emt 0:00:00]} 9. Be2 {[%emt 0:00:16]} Bf5 {[%emt 0:01:00]} 10. O-O {[%emt 0:00:02]} d5 {[%emt 0:00:12]} 11. c5 {[%emt 0:00:16]} Nc4 {[%emt 0:00:14]} 12. b3 {[%emt 0:00:25]} Na5 {[%emt 0:00:07]} 13. Bf4 {[%emt 0:00:38]} Nbc6 {[%emt 0:00:11]} 14. Qd2 {[%emt 0:00:23]} Re8 {[%emt 0:00:23]} 15. Bb5 {[%emt 0:00:20]} Rc8 {[%emt 0:00:27]} 16. Rfe1 {[%emt 0:00:12]} h5 {[%emt 0:01:52]} 17. Rad1 {[%emt 0:02:53]} Rf8 {[%emt 0:00:33]} 18. Bh6 {[%emt 0:00:16]} b6 {[%emt 0:00:37]} 19. Bxg7 {[%emt 0:00:22]} Kxg7 {[%emt 0:00:02]} 20. cxb6 {[%emt 0:01:09]} axb6 {[%emt 0:00:08]} 21. Bf1 {[%emt 0:00:49]} Re8 {[%emt 0:00:36]} 22. Nh4 {[%emt 0:00:22]} Bd7 {[%emt 0:00:24]} 23. Nxd5 {[%emt 0:00:44]} e6 {[%emt 0:00:02]} 24. Nc3 {[%emt 0:01:23]} Qxh4 {[%emt 0:00:14]} 25. Ne4 {[%emt 0:00:14]} Red8 {[%emt 0:00:38]} 26. Nd6 {[%emt 0:00:42]} Rb8 {[%emt 0:00:10]} 27. Qb2 {[%emt 0:00:10]} Kg8 {[%emt 0:01:17]} 28. Ne4 {[%emt 0:00:02]} Rf8 {[%emt 0:01:05]} 29. d5 {[%emt 0:00:08]} e5 {[%emt 0:00:17]} 30. dxc6 {[%emt 0:00:04]} Bxc6 {[%emt 0:00:06]} 31. Qxe5 {[%emt 0:00:05]} Bxe4 {[%emt 0:00:00]} 32. Rxe4 {[%emt 0:00:10]} Nc6 {[%emt 0:00:05]} 33. Rxh4 {[%emt 0:00:13]} Nxe5 {[%emt 0:00:00]} 34. Rd5 {[%emt 0:00:04]} Nc6 {[%emt 0:00:01]} 35. Rd6 {[%emt 0:00:04]} Ne7 {[%emt 0:00:03]} 36. Rb4 {[%emt 0:00:03]} Rfc8 {[%emt 0:00:04]} 37. Rdxb6 {[%emt 0:00:03]} Rxb6 {[%emt 0:00:00]} 38. Rxb6 {[%emt 0:00:01]} Nd5 {[%emt 0:00:05]} 39. Rb7 {[%emt 0:00:03]} Nc7 {[%emt 0:00:17]} 40. Bc4 {[%emt 0:00:01]} Kg7 {[%emt 0:00:04]} 41. a4 {[%emt 0:00:01]} Kf6 {[%emt 0:00:01]} 42. a5 {[%emt 0:00:01]} Ne8 {[%emt 0:00:05]} 43. Rxf7+ {[%emt 0:00:02]} Ke5 {[%emt 0:00:01]} 44. Re7+ {[%emt 0:00:03]} Kd4 {[%emt 0:00:01]} 45. Rb7 {[%emt 0:00:07]} Nd6 {[%emt 0:00:02]} 46. Rd7 {[%emt 0:00:01]} Kc5 {[%emt 0:00:00]} 47. Be6 {[%emt 0:00:37]} Ra8 {[%emt 0:00:09]} 48. b4+ {[%emt 0:00:03]} Kc6 {[%emt 0:00:01]} 49. Rg7 {[%emt 0:00:04]} Rb8 {[%emt 0:00:02]} 50. Rxg6 {[%emt 0:00:02]} Rxb4 {[%emt 0:00:05]} 51. Rh6 {[%emt 0:00:03]} Rb5 {[%emt 0:00:00]} 52. a6 {[%emt 0:00:02]} Ra5 {[%emt 0:00:00]} 53. Bf7 {[%emt 0:00:09]} Rxa6 {[%emt 0:00:05]} 54. Bxh5 {[%emt 0:00:01]} Ra3 {[%emt 0:00:03]} 55. Bf3+ {[%emt 0:00:03]} Kc5 {[%emt 0:00:01]} 56. h4 {[%emt 0:00:06]} Nf7 {[%emt 0:00:03]} 57. Rf6 {[%emt 0:00:03]} Ne5 {[%emt 0:00:04]} 58. h5 {[%emt 0:00:08]} Nd7 {[%emt 0:00:07]} 59. Rf5+ {[%emt 0:00:02]} Kc4 {[%emt 0:00:02]} 60. h6 {[%emt 0:00:04]} Ra6 {[%emt 0:00:02]} 61. Rh5 {[%emt 0:00:05]} Ra1+ {[%emt 0:00:08]} 62. Kh2 {[%emt 0:00:02]} Nf6 {[%emt 0:00:05]} 63. h7 {[%emt 0:00:05]} 1-0

[Event "Skalica Rapid 2020"]
[Site "Skalica"]
[Date "2020.08.29"]
[Round "5.7"]
[White "Stos, Radek"]
[Black "Dubanova, Kristina"]
[Result "1-0"]
[WhiteElo "1790"]
[BlackElo "1128"]
[Annotator "NA"]
[PlyCount "50"]
[EventDate "2020.08.29"]
[EventType "swiss"]
[EventCountry "SVK"]
[SourceTitle "playchess.com"]
[Source "ChessBase"]
[SourceQuality "1"]
[TimeControl "600+5"]

1. e4 {[%emt 0:00:00]} e5 {[%emt 0:00:00]} 2. Nf3 {[%emt 0:00:00]} Nc6 {[%emt 0:00:00]} 3. Bb5 {[%emt 0:00:00]} a6 {[%emt 0:00:00]} 4. Ba4 {[%emt 0:00:01]} b5 {[%emt 0:00:04]} 5. Bb3 {[%emt 0:00:01]} Nf6 {[%emt 0:00:17]} 6. d3 {[%emt 0:00:01]} Bc5 {[%emt 0:00:03]} 7. O-O {[%emt 0:00:04]} h6 {[%emt 0:00:29]} 8. c3 {[%emt 0:00:07]} d6 {[%emt 0:00:15]} 9. h3 {[%emt 0:00:02]} Be6 {[%emt 0:00:06]} 10. Bc2 {[%emt 0:00:02]} d5 {[%emt 0:00:31]} 11. exd5 {[%emt 0:00:08]} Nxd5 {[%emt 0:00:27]} 12. Re1 {[%emt 0:00:11]} Qf6 {[%emt 0:00:29]} 13. d4 {[%emt 0:00:29]} exd4 {[%emt 0:00:38]} 14. c4 {[%emt 0:00:21]} bxc4 {[%emt 0:00:56]} 15. Ba4 {[%emt 0:00:01]} Nde7 {[%emt 0:04:11]} 16. Ne5 {[%emt 0:00:02]} Bd5 {[%emt 0:00:19]} 17. Qg4 {[%emt 0:00:37]} Be6 {[%emt 0:00:37]} 18. Qg3 {[%emt 0:00:10]} Bd5 {[%emt 0:00:14]} 19. Nxc6 {[%emt 0:00:15]} Bxc6 {[%emt 0:00:22]} 20. Bxc6+ {[%emt 0:00:11]} Qxc6 21. Bf4 {[%emt 0:00:28]} Bd6 {[%emt 0:00:28]} 22. Qxg7 {[%emt 0:00:29]} Rg8 {[%emt 0:00:25]} 23. Qxg8+ {[%emt 0:00:04]} Kd7 {[%emt 0:00:13]} 24. Qxf7 {[%emt 0:00:04]} Rb8 {[%emt 0:00:39]} 25. Qe6+ {[%emt 0:00:32]} Kd8 {[%emt 0:00:00]} 1-0

[Event "Skalica Rapid 2020"]
[Site "Skalica"]
[Date "2020.08.29"]
[Round "5.8"]
[White "Cajka Tibor"]
[Black "Majoros, Rozsa Evelin"]
[Result "1-0"]
[WhiteElo "2116"]
[BlackElo "1936"]
[Annotator "TA"]
[PlyCount "56"]
[EventDate "2020.08.29"]
[EventType "swiss"]
[EventCountry "SVK"]
[SourceTitle "playchess.com"]
[Source "ChessBase"]
[SourceQuality "1"]

{[%evp 11,56,33,39,-248,-247,-247,-247,-237,-156,-169,-169,-297,-293,-320,-156,-235,-233,-265,-233,-222,-187,-167,-181,-191,-177,-247,-231,-241,-103,-84,-54,-64,-39,-75,0,-8,114,91,127,116,224,232,358,355,1462,1448,29999]} 1. e4 e5 2. Nf3 Nc6 3. Bc4 Nf6 4. Ng5 d5 5. exd5 Nd4 6. d6 Qxd6 {Threatens to win with ...Qc6.} 7. Nxf7 $2 {[%mdl 8192] C57: Two Knights: Wilkes-Barre/Traxler and 4 Ng5 d5 5 exd5, unusual Black 5th moves.} (7. d3 $14 {keeps the upper hand.} Be6 8. Nxe6 Nxe6 9. O-O) 7... Qc6 $1 $19 {[%csl LRc4,LRg2][%mdl 64] [#] Double Attack} 8. O-O Qxc4 {[%mdl 64] Double Attack} 9. Nxh8 {Black is clearly better.} Bg4 10. f3 Bf5 ({Resist} 10... Nxc2 11. fxg4 Nxa1 12. g5 $17) 11. b3 {[#]} (11. Na3 $142 Bxa3 12. d3 Qxc2 13. bxa3) 11... Qc5 $146 (11... Qxc2 12. Na3 $19) ({Predecessor:} 11... Qg8 12. d3 O-O-O 13. Ba3 Qxh8 14. Bxf8 Qxf8 15. Nd2 Qc5 16. Kh1 Qxc2 17. Ne4 Nd5 18. Qxc2 Nxc2 {0-1 (24) Mrak,M (1695)-Petek,P (2083) Ljubljana 2009}) 12. Kh1 Bd6 ({Much less strong is} 12... Bxc2 13. Qe1 $19) (12... Nxc2 $19 13. Bb2 Bd3) 13. Ba3 (13. Na3 $17 Bxc2 14. b4) 13... Qxc2 14. Bxd6 cxd6 15. Nc3 Kf8 16. Rc1 Qxd1 17. Nxd1 Kg8 18. Rc7 (18. Ne3 $142) 18... Kxh8 19. Rxb7 {[#]} h6 (19... Nd5 $1 $19 {is more deadly. ...Bc8 is the strong threat.} 20. f4 e4) 20. Ne3 $17 Bd3 {And now ...Ba6 would win.} 21. Rc1 e4 22. f4 Ne2 ({Black should try} 22... d5 $17) 23. Rcc7 $11 Nxf4 (23... Rg8 $11) 24. Rxg7 $16 Rc8 {( -> ...Rc1+)} 25. Rgc7 Rg8 (25... Rxc7 $16 26. Rxc7 d5) 26. Rxa7 $18 Be2 (26... Re8 {was called for.} 27. a4 d5) 27. Rf7 Bf3 $2 (27... Rc8 28. h3 N4d5 29. Nxd5 Nxd5 30. Rh7+ Kg8 31. Rxh6 Rd8) 28. Rxf6 {[%cal Rf6h6][%mdl 64] Double Attack} Nxg2 {Accuracy: White = 47%, Black = 20%.} 1-0

[Event "Skalica Rapid 2020"]
[Site "Skalica"]
[Date "2020.08.29"]
[Round "5.9"]
[White "Jablonicky, Martin"]
[Black "Havelka, Ondrej"]
[Result "1/2-1/2"]
[WhiteElo "2290"]
[BlackElo "1997"]
[Annotator "TA"]
[PlyCount "68"]
[EventDate "2020.08.29"]
[EventType "swiss"]
[EventCountry "SVK"]
[SourceTitle "playchess.com"]
[Source "ChessBase"]
[SourceQuality "1"]

{[%evp 10,68,11,4,7,0,8,0,0,0,60,24,41,41,60,46,55,55,72,45,53,22,18,0,26,8,47,36,32,-20,-12,-27,427,406,407,420,400,315,326,318,311,212,212,203,179,177,167,204,261,243,276,197,205,0,0,0,0,0,223,-13,887]} 1. Nf3 d5 2. b3 c5 3. e3 Nc6 4. Bb2 Nf6 5. Bb5 e6 6. O-O Bd6 {A06: Réti Opening: 1 Nf3 d5.} 7. c4 O-O 8. cxd5 exd5 9. d4 {[#]} a6 $146 (9... cxd4 $11 10. Nxd4 Qb6 11. Nxc6 Qxb5) ({Predecessor:} 9... cxd4 10. Nxd4 Bc7 11. Nd2 Qd6 12. N2f3 Bg4 13. Bxc6 bxc6 14. Qc2 Bd7 15. Nf5 Bxf5 16. Qxf5 {½-½ (41) Lenderman,A (2634)-Karjakin,S (2752) chess.com INT 2020}) 10. dxc5 (10. Bxc6 $5 bxc6 11. dxc5 $14) 10... axb5 11. cxd6 Qxd6 12. Nc3 b4 13. Nb5 Qc5 14. Nbd4 Bg4 15. Qc1 Qd6 16. a4 Ne4 17. h3 $36 {[%mdl 2048] Black is under pressure.} Bd7 18. Qd1 Rac8 19. Nxc6 (19. Rc1 $14) 19... bxc6 $11 20. Qd4 {[%csl Gb2][%cal Rd4g7]} Qg6 $2 {[%mdl 8192]} (20... f6 $11 {and Black has nothing to worry.}) 21. Ne5 $18 {[%mdl 64] [#] Double Attack} c5 22. Nxg6 {[%csl Gb2][%cal Rd4g7]} cxd4 23. Nxf8 Kxf8 24. Bxd4 Nd2 25. Rfd1 Nxb3 26. Rab1 Bxa4 27. Be5 Ke7 28. Bxg7 f6 29. Rxd5 Rg8 30. Bh6 {Threatens to win with Bf4.} Bc6 31. Rd3 $2 ({Not} 31. Rxb3 Bxd5 32. Rxb4 Bxg2 $14) (31. e4 $18 Bxd5 32. exd5) 31... Nc5 $11 32. Rd4 Rxg2+ 33. Kf1 {[#] Rc1 is the strong threat.} Rg8 $2 (33... Rg6 $1 $11 {and Black stays safe.} 34. Bf4 (34. Rbxb4 Rxh6 35. Rdc4 Rh5 $11) 34... Bb5+ 35. Ke1 Rg1+ 36. Kd2 Rxb1 37. Bd6+ {[%mdl 64] Double Attack} Ke6 38. Bxc5 Rb2+ 39. Kd1 Rxf2) 34. Bf4 $2 (34. Rbxb4 $18 {Hoping for Ke2.} Bf3 35. Bf4) 34... Ke6 $2 {[%mdl 40960] Accuracy: White = 57%, Black = 53%. . An unexpected result.} (34... Bb5+ $11 35. Ke1 Rg1+ 36. Kd2 Rxb1 37. Bd6+ {[%mdl 64] Double Attack} Ke6 38. Bxc5 Rb2+ 39. Ke1 Re2+ 40. Kd1 Rxf2) 1/2-1/2

[Event "Skalica Rapid 2020"]
[Site "Skalica"]
[Date "2020.08.29"]
[Round "5.9"]
[White "Osicka, Premysl"]
[Black "Bucek, Miroslav"]
[Result "1-0"]
[WhiteElo "1590"]
[BlackElo "1422"]
[Annotator "NA"]
[PlyCount "175"]
[EventDate "2020.08.29"]
[EventType "swiss"]
[EventCountry "SVK"]
[SourceTitle "playchess.com"]
[Source "ChessBase"]
[SourceQuality "1"]
[TimeControl "600+5"]

1. d4 d5 {[%emt 0:00:01]} 2. Bf4 {[%emt 0:00:18]} Nf6 {[%emt 0:00:06]} 3. Nf3 {[%emt 0:00:01]} Bf5 {[%emt 0:00:04]} 4. e3 {[%emt 0:00:01]} e6 {[%emt 0:00:04]} 5. c3 {[%emt 0:00:01]} Bd6 {[%emt 0:00:02]} 6. Bg3 {[%emt 0:00:01]} O-O {[%emt 0:00:03]} 7. Bd3 {[%emt 0:00:02]} Bxd3 {[%emt 0:00:03]} 8. Qxd3 {[%emt 0:00:01]} h6 {[%emt 0:00:26]} 9. Nbd2 {[%emt 0:00:01]} Nbd7 {[%emt 0:00:02]} 10. e4 {[%emt 0:00:16]} dxe4 {[%emt 0:00:15]} 11. Nxe4 {[%emt 0:00:02]} Nxe4 {[%emt 0:00:02]} 12. Qxe4 {[%emt 0:00:01]} Bxg3 {[%emt 0:00:15]} 13. hxg3 {[%emt 0:00:03]} c6 {[%emt 0:00:05]} 14. O-O-O {[%emt 0:00:13]} Nf6 {[%emt 0:00:07]} 15. Qh4 {[%emt 0:00:10]} Nh7 {[%emt 0:00:33]} 16. g4 {[%emt 0:00:12]} Qxh4 {[%emt 0:00:03]} 17. Rxh4 {[%emt 0:00:01]} f6 {[%emt 0:00:24]} 18. Re1 {[%emt 0:00:27]} Rfe8 {[%emt 0:00:01]} 19. Nd2 {[%emt 0:00:21]} Rad8 {[%emt 0:00:09]} 20. Ne4 {[%emt 0:00:05]} b6 {[%emt 0:00:23]} 21. f4 {[%emt 0:00:09]} Nf8 {[%emt 0:00:13]} 22. g5 {[%emt 0:00:20]} f5 {[%emt 0:00:12]} 23. Ng3 {[%emt 0:00:24]} Ng6 {[%emt 0:00:25]} 24. Rh2 {[%emt 0:00:39]} Nxf4 {[%emt 0:00:06]} 25. Reh1 {[%emt 0:00:11]} hxg5 {[%emt 0:00:17]} 26. Rh8+ {[%emt 0:00:16]} Kf7 {[%emt 0:00:02]} 27. R8h7 {[%emt 0:00:02]} Nxg2 {[%emt 0:00:23]} 28. Nh5 {[%emt 0:00:09]} Rg8 {[%emt 0:00:03]} 29. Ng3 {[%emt 0:01:14]} f4 {[%emt 0:00:16]} 30. Ne4 {[%emt 0:00:07]} g4 {[%emt 0:01:03]} 31. Ng5+ {[%emt 0:00:15]} Kf6 {[%emt 0:00:33]} 32. Ne4+ {[%emt 0:00:06]} Kf7 {[%emt 0:00:02]} 33. R1h6 {[%emt 0:00:13]} Ke7 {[%emt 0:01:07]} 34. Ng5 {[%emt 0:00:02]} Rd6 {[%emt 0:00:31]} 35. Ne4 {[%emt 0:01:19]} Rd7 {[%emt 0:00:02]} 36. Rg6 {[%emt 0:00:46]} g3 {[%emt 0:00:30]} 37. Ng5 {[%emt 0:00:36]} Rd6 {[%emt 0:00:27]} 38. Nf3 {[%emt 0:00:17]} e5 {[%emt 0:00:29]} 39. Rgxg7+ {[%emt 0:00:40]} Rxg7 {[%emt 0:00:01]} 40. Rxg7+ {[%emt 0:00:01]} Kf8 {[%emt 0:00:13]} 41. dxe5 {[%emt 0:00:17]} Re6 {[%emt 0:00:14]} 42. Rxa7 {[%emt 0:00:14]} Ne3 {[%emt 0:00:14]} 43. Ra8+ {[%emt 0:00:24]} Ke7 {[%emt 0:00:14]} 44. Ra7+ {[%emt 0:00:06]} Kd8 {[%emt 0:00:01]} 45. Rf7 {[%emt 0:00:09]} g2 {[%emt 0:00:17]} 46. Rxf4 {[%emt 0:00:14]} Rxe5 {[%emt 0:00:06]} 47. Kd2 {[%emt 0:00:17]} Nf1+ {[%emt 0:00:11]} 48. Kd3 {[%emt 0:00:05]} Rg5 {[%emt 0:00:10]} 49. Ke2 {[%emt 0:00:25]} g1=Q {[%emt 0:00:09]} 50. Nxg1 {[%emt 0:00:02]} Rxg1 {[%emt 0:00:03]} 51. Rxf1 {[%emt 0:00:01]} Rg2+ {[%emt 0:00:10]} 52. Rf2 {[%emt 0:00:02]} Rg1 {[%emt 0:00:05]} 53. Kd3 {[%emt 0:00:03]} Kc7 {[%emt 0:00:04]} 54. Kc4 {[%emt 0:00:02]} b5+ {[%emt 0:00:02]} 55. Kb3 {[%emt 0:00:01]} Kb6 {[%emt 0:00:02]} 56. a4 {[%emt 0:00:16]} bxa4+ {[%emt 0:00:07]} 57. Kxa4 {[%emt 0:00:01]} Ra1+ {[%emt 0:00:07]} 58. Kb3 {[%emt 0:00:01]} c5 {[%emt 0:00:02]} 59. Kc4 {[%emt 0:00:06]} Ra4+ {[%emt 0:00:03]} 60. b4 {[%emt 0:00:14]} cxb4 {[%emt 0:00:16]} 61. cxb4 {[%emt 0:00:01]} Ra1 {[%emt 0:00:06]} 62. Rf6+ {[%emt 0:00:10]} Kc7 {[%emt 0:00:03]} 63. Kb5 {[%emt 0:00:05]} Rb1 {[%emt 0:00:04]} 64. Rc6+ {[%emt 0:00:10]} Kb7 {[%emt 0:00:02]} 65. Rh6 {[%emt 0:00:04]} Kc7 {[%emt 0:00:08]} 66. Rh5 {[%emt 0:00:11]} Kb7 {[%emt 0:00:02]} 67. Rc5 {[%emt 0:00:04]} Ka7 {[%emt 0:00:08]} 68. Rc7+ {[%emt 0:00:16]} Kb8 69. Rh7 {[%emt 0:00:03]} Kc8 {[%emt 0:00:05]} 70. Kc6 {[%emt 0:00:09]} Rc1+ {[%emt 0:00:07]} 71. Kb6 {[%emt 0:00:01]} Rb1 {[%emt 0:00:11]} 72. b5 {[%emt 0:00:01]} Kd8 {[%emt 0:00:13]} 73. Rc7 {[%emt 0:00:08]} Rb2 {[%emt 0:00:15]} 74. Rc5 {[%emt 0:00:03]} Ra2 {[%emt 0:00:14]} 75. Kb7 {[%emt 0:00:03]} Ra5 {[%emt 0:00:09]} 76. Rc8+ {[%emt 0:00:09]} Kd7 {[%emt 0:00:04]} 77. b6 {[%emt 0:00:02]} Rb5 {[%emt 0:00:26]} 78. Rc7+ {[%emt 0:00:08]} Kd8 {[%emt 0:00:06]} 79. Ka6 {[%emt 0:00:30]} Rb3 {[%emt 0:00:06]} 80. Rc5 {[%emt 0:00:21]} Ra3+ {[%emt 0:00:13]} 81. Kb7 {[%emt 0:00:05]} Rb3 {[%emt 0:00:07]} 82. Rc6 {[%emt 0:00:21]} Kd7 {[%emt 0:00:07]} 83. Rh6 {[%emt 0:00:04]} Ra3 {[%emt 0:00:38]} 84. Kb8 {[%emt 0:00:20]} Ra6 {[%emt 0:00:14]} 85. Kb7 {[%emt 0:00:03]} Ra3 {[%emt 0:00:05]} 86. Rh4 {[%emt 0:00:06]} Ra2 {[%emt 0:00:24]} 87. Rd4+ {[%emt 0:00:08]} Ke7 {[%emt 0:00:03]} 88. Kb8 {[%emt 0:00:09]} 1-0

[Event "Skalica Rapid 2020"]
[Site "Skalica"]
[Date "2020.08.29"]
[Round "5.10"]
[White "Jurakic Lukas"]
[Black "Blaho, Stefan"]
[Result "1-0"]
[WhiteElo "1918"]
[BlackElo "2090"]
[Annotator "ChessBase"]
[PlyCount "43"]
[EventDate "2020.08.29"]
[EventType "swiss"]
[EventCountry "SVK"]
[SourceTitle "playchess.com"]
[Source "ChessBase"]
[SourceQuality "1"]
[TimeControl "600+5"]

1. e4 {[%emt 0:00:00]} c5 {[%emt 0:00:00]} 2. Nf3 {[%emt 0:00:00]} d6 {[%emt 0:00:00]} 3. d4 {[%emt 0:00:01]} cxd4 {[%emt 0:00:01]} 4. Nxd4 {[%emt 0:00:01]} Nf6 {[%emt 0:00:01]} 5. Nc3 {[%emt 0:00:01]} g6 {[%emt 0:00:02]} 6. Be3 {[%emt 0:00:01]} Bg7 {[%emt 0:00:02]} 7. Be2 {[%emt 0:00:02]} O-O {[%emt 0:00:19]} 8. Qd2 {[%emt 0:00:01]} Nc6 {[%emt 0:00:29]} 9. O-O-O {[%emt 0:00:03]} Ng4 {[%emt 0:00:08]} 10. Bxg4 {[%emt 0:00:03]} Bxg4 {[%emt 0:00:01]} 11. f3 {[%emt 0:00:02]} Bd7 {[%emt 0:00:09]} 12. Nxc6 {[%emt 0:00:42]} bxc6 {[%emt 0:00:06]} 13. Bh6 {[%emt 0:00:22]} Qa5 {[%emt 0:03:41]} 14. Bxg7 {[%emt 0:00:04]} Kxg7 {[%emt 0:00:01]} 15. h4 {[%emt 0:00:25]} h6 {[%emt 0:00:28]} 16. h5 {[%emt 0:00:19]} g5 {[%emt 0:00:03]} 17. Qd4+ {[%emt 0:00:46]} f6 {[%emt 0:00:04]} 18. Qd3 {[%emt 0:00:39]} Qe5 {[%emt 0:00:19]} 19. Ne2 {[%emt 0:00:14]} Rab8 {[%emt 0:00:04]} 20. c3 {[%emt 0:00:16]} Be6 {[%emt 0:00:08]} 21. f4 {[%emt 0:02:18]} c5 {[%emt 0:02:10]} 22. Rhf1 {[%emt 0:05:05]} 1-0